MARC details
| 000 -LEADER |
| fixed length control field |
01735cam a2200409 a 4500 |
| 001 - CONTROL NUMBER |
| control field |
13166982 |
| 003 - CONTROL NUMBER IDENTIFIER |
| control field |
OSt |
| 005 - DATE AND TIME OF LATEST TRANSACTION |
| control field |
20230703163950.0 |
| 008 - FIXED-LENGTH DATA ELEMENTS--GENERAL INFORMATION |
| fixed length control field |
021002s2002 ke a b 001 0 eng |
| 010 ## - LIBRARY OF CONGRESS CONTROL NUMBER |
| LC control number |
2002375382 |
| 020 ## - INTERNATIONAL STANDARD BOOK NUMBER |
| International Standard Book Number |
9966977201 |
| 035 ## - SYSTEM CONTROL NUMBER |
| System control number |
(DLC) 2002375382 |
| 040 ## - CATALOGING SOURCE |
| Original cataloging agency |
DLC |
| Transcribing agency |
DLC |
| Modifying agency |
DLC |
| 042 ## - AUTHENTICATION CODE |
| Authentication code |
lcode |
| 043 ## - GEOGRAPHIC AREA CODE |
| Geographic area code |
f------ |
| 082 00 - DEWEY DECIMAL CLASSIFICATION NUMBER |
| Classification number |
338.96 |
| Item number |
NYO |
| 111 2# - MAIN ENTRY--MEETING NAME |
| Meeting name or jurisdiction name as entry element |
African Forum for Envisioning Africa |
| Number of part/section/meeting |
(2nd : |
| Date of meeting |
2002 : |
| Location of meeting |
Nairobi, Kenya) |
| 245 10 - TITLE STATEMENT |
| Title |
New Partnership for Africa's Development, NEPAD : |
| Remainder of title |
a new path? / |
| Statement of responsibility, etc. |
edited by Peter Anyang' Nyong'o, Aseghedech Ghirmazion, Davinder Lamba. |
| 246 18 - VARYING FORM OF TITLE |
| Title proper/short title |
NEPAD : |
| Remainder of title |
a new path? |
| 260 ## - PUBLICATION, DISTRIBUTION, ETC. (IMPRINT) |
| Place of publication, distribution, etc. |
Nairobi : |
| Name of publisher, distributor, etc. |
Heinrich Böll Foundation, Regional Office, East and Horn of Africa, |
| Date of publication, distribution, etc. |
2002. |
| 300 ## - PHYSICAL DESCRIPTION |
| Extent |
viii, 350 p. : |
| Other physical details |
ill. ; |
| Dimensions |
25 cm. |
| 500 ## - GENERAL NOTE |
| General note |
"African Forum for Envisioning Africa, convenors: African Academy of Sciences, Heinrich Böll Foundation, Regional Office, East and Horn of Africa, Mazingira Institute"--P. [4] of cover. |
| 504 ## - BIBLIOGRAPHY, ETC. NOTE |
| Bibliography, etc |
Includes bibliographical references (p. 327-340) and index. |
| 610 20 - SUBJECT ADDED ENTRY--CORPORATE NAME |
| Corporate name or jurisdiction name as entry element |
New Partnership for Arica's Development. |
| 651 #0 - SUBJECT ADDED ENTRY--GEOGRAPHIC NAME |
| Geographic name |
Africa |
| General subdivision |
Economic policy. |
| 651 #0 - SUBJECT ADDED ENTRY--GEOGRAPHIC NAME |
| Geographic name |
Africa |
| General subdivision |
Foreign economic relations. |
| 700 1# - ADDED ENTRY--PERSONAL NAME |
| Personal name |
Nyong'o, Peter Anyang', |
| Dates associated with a name |
1945- |
| 700 1# - ADDED ENTRY--PERSONAL NAME |
| Personal name |
Ghirmazion, Aseghedech. |
| 700 1# - ADDED ENTRY--PERSONAL NAME |
| Personal name |
Lamba, Davinder. |
| 710 2# - ADDED ENTRY--CORPORATE NAME |
| Corporate name or jurisdiction name as entry element |
African Academy of Sciences. |
| 710 2# - ADDED ENTRY--CORPORATE NAME |
| Corporate name or jurisdiction name as entry element |
Heinrich Böll Foundation (Nairobi, Kenya) |
| 710 2# - ADDED ENTRY--CORPORATE NAME |
| Corporate name or jurisdiction name as entry element |
Mazingira Institute. |
| 856 41 - ELECTRONIC LOCATION AND ACCESS |
| Materials specified |
Table of contents |
| Uniform Resource Identifier |
<a href="http://www.loc.gov/catdir/toc/fy037/2002375382.html">http://www.loc.gov/catdir/toc/fy037/2002375382.html</a> |
| 906 ## - LOCAL DATA ELEMENT F, LDF (RLIN) |
| a |
7 |
| b |
cbc |
| c |
origode |
| d |
3 |
| e |
ncip |
| f |
20 |
| g |
y-gencatlg |
| 942 ## - ADDED ENTRY ELEMENTS (KOHA) |
| Source of classification or shelving scheme |
Dewey Decimal Classification |
| Koha item type |
Books |